Journal of design history
Αποθηκεύτηκε σε:
| Συγγραφή απο Οργανισμό/Αρχή: | |
|---|---|
| Μορφή: | Περιοδική έκδοση |
| Γλώσσα: | English |
| Δημοσίευση: |
Oxford, England :
Oxford University Press,
[1988-
|
| Θέματα: | |
| Ετικέτες: |
Προσθήκη ετικέτας
Δεν υπάρχουν, Καταχωρήστε ετικέτα πρώτοι!
|
MARC
| LEADER | 00000nas a2200000 i 4500 | ||
|---|---|---|---|
| 001 | 1/13265 | ||
| 008 | 001122c19889999uk eng d | ||
| 022 | |a 09524649 | ||
| 035 | |l 10064551 | ||
| 040 | |a GR-MY-UA |b gre |e aacr | ||
| 041 | 0 | |a eng |b eng | |
| 082 | 0 | |a 745.4405 |2 (21) | |
| 245 | 1 | 0 | |a Journal of design history |h [περιοδικό] |
| 246 | 3 | 3 | |a Design history |
| 260 | |a Oxford, England : |b Oxford University Press, |c [1988- | ||
| 300 | |a τ.; |b εικ.; |c 25 εκ. | ||
| 310 | |a Τριμηνιαίο | ||
| 500 | |a Η περιγραφή βασίζεται στο Vol. 13, no 1 | ||
| 500 | |a Η αρίθμηση αρχίζει κάθε χρόνο με no 1 | ||
| 500 | |a Στη βιβλιοθήκη υπάρχουν: Vol. 13 no 1 (Mar. 2000) - Vol. 15 no 4 (Dec. 2002) | ||
| 650 | 0 | 0 | |a Design |x History |x Periodicals. |
| 710 | 1 | |a Design History Society. | |
| 853 | |a INST |b SYROS |c SER | ||
| 922 | |a 5ΕΛΗ |b 200011 |c ΚΕΝΤΡΙΚΗ ΒΙΒΛΙΟΘΗΚΗ |d SWETS | ||
| 970 | |a ΚΟΝΤΟΥ |b ΠΑΡΑΣΚΕΥΗ |z 20001122 | ||